| 000 | 01076nam0a22002771 4500 | ||
|---|---|---|---|
| 001 | rc\4564044 | ||
| 005 | 20260406100532.0 | ||
| 021 |
_aRU _b[63-83115] |
||
| 035 | _a(NLR Aleph) 008647557 | ||
| 090 |
_a8981319 _c8981319 |
||
| 100 | _a20130416d1963 u y0rusy50 ca | ||
| 101 | 0 | _arus | |
| 102 | _aRU | ||
| 105 | _aa z ||||| | ||
| 200 | 1 |
_aВсем, всем, всем! _e[О победе Великой Октябрьской соц. революции _eДля мл. школьного возраста _fИл.: В. Щеглов] |
|
| 210 |
_aМосква _cДетгиз _d1963 |
||
| 215 |
_a55 с. _cил. _d22 |
||
| 606 |
_aВеликая Октябрьская социалистическая революция (д. л.) _2psbo |
||
| 700 | 1 |
_7ca _8rus _aМакрушенко _bП. И. _f1907- _gПавел Ильич _3RU\NLR\AUTH\770289018 _92693753 |
|
| 702 | 1 |
_aЩеглов _bВ. _4440 |
|
| 702 | 1 |
_aЛенин _bВ.И. _gВладимир Ильич _4570 |
|
| 801 | 0 |
_aRU _bNLR _gpsbo |
|
| 801 | 1 |
_aRU _bELAR _2rusmarc |
|
| 852 |
_aNLR _j63-6/12664 |
||
| 942 | _cBOOK | ||
| 980 | _aNB | ||